书目信息 |
| 题名: |
动物保护概论
|
|
| 作者: | 陆承平 | |
| 分册: | ||
| 出版信息: | 北京 高等教育出版社 1999 |
|
| 页数: | 292 | |
| 开本: | 23cm | |
| 丛书名: | ||
| 单 册: | ||
| 中图分类: | S863 | |
| 科图分类: | ||
| 主题词: | 狩猎 , 野生动物--驯养 | |
| 电子资源: | ||
| ISBN: | 7-04-007661-6 | |
| 000 | 00520nam0 2200193 450 | |
| 001 | 0741144344 | |
| 005 | 20070817112544.34 | |
| 010 | @a7-04-007661-6@d¥23.90 | |
| 100 | @a20070817d km y0chiy0120 ea | |
| 101 | 0 | @achi |
| 200 | 1 | @a动物保护概论@Adong wu bao hu gai lun@f陆承平@Flu cheng ping |
| 210 | @a北京@c高等教育出版社@d1999 | |
| 215 | @a292@d23cm | |
| 606 | 0 | @a狩猎 |
| 606 | 0 | @a野生动物@x驯养 |
| 690 | @aS863@v3 | |
| 701 | 0 | @a陆承平@Alu cheng ping |
| 801 | 0 | @aCN@bPFT@c20070817 |
| 905 | @a213230@dS863@en1@f1 | |
| 动物保护概论/陆承平.-北京:高等教育出版社,1999 |
| 292;23cm |
| ISBN 7-04-007661-6:¥23.90 |
| ● |
| 相关链接 |
|
|
|
|
正题名:动物保护概论
索取号:S863/n1
 
预约/预借
| 序号 | 登录号 | 条形码 | 馆藏地/架位号 | 状态 | 备注 |
| 1 | 6600691 | 266006911 | 生命科学系资料室/ [索取号:S863/n1] | 在馆 | |
| 2 | 6600692 | 266006920 | 生命科学系资料室/ [索取号:S863/n1] | 在馆 | |
| 3 | 6600693 | 266006939 | 生命科学系资料室/ [索取号:S863/n1] | 在馆 | |
| 4 | 6600694 | 266006948 | 生命科学系资料室/ [索取号:S863/n1] | 在馆 | |
| 5 | 6600695 | 266006957 | 生命科学系资料室/ [索取号:S863/n1] | 在馆 |